Pakistan : (Record no. 26852)
[ view plain ]
| 000 -LEADER | |
|---|---|
| fixed length control field | 00704nam a22002297a 4500 |
| 001 - CONTROL NUMBER | |
| control field | 26852 |
| 003 - CONTROL NUMBER IDENTIFIER | |
| rucl marc code | BD-RjUL |
| 005 - DATE AND TIME OF LATEST TRANSACTION | |
| control field | 20211209051057.0 |
| 008 - FIXED-LENGTH DATA ELEMENTS--GENERAL INFORMATION | |
| fixed length control field | 140323s1961 pk ||||| |||| 00| 0 eng d |
| 035 ## - SYSTEM CONTROL NUMBER | |
| System control number | (BD-RjUL)26923 |
| 040 ## - CATALOGING SOURCE | |
| Original cataloging agency | BD-RjUL |
| Language of cataloging | eng |
| Transcribing agency | BD-RjUL |
| 041 ## - LANGUAGE CODE | |
| Language code of text/sound track or separate title | eng |
| 082 04 - DEWEY DECIMAL CLASSIFICATION NUMBER | |
| Classification number | 954.7 |
| Author mark and year | KHP 1961 |
| 100 1# - MAIN ENTRY--PERSONAL NAME | |
| Personal name | Khan, Samin. |
| 9 (RLIN) | 82527 |
| 245 10 - TITLE STATEMENT | |
| Title | Pakistan : |
| Remainder of title | ideology, Constitution, laws, foreign policy / |
| Statement of responsibility, etc. | Samin Khan. |
| 260 ## - PUBLICATION, DISTRIBUTION, ETC. (IMPRINT) | |
| Place of publication, distribution, etc. | Karachi : |
| Name of publisher, distributor, etc. | Sentinel publications, |
| Date of publication, distribution, etc. | 1961. |
| 300 ## - PHYSICAL DESCRIPTION | |
| Pagination | iii, 132 p. ; |
| Size | 19 cm. |
| 651 #0 - SUBJECT ADDED ENTRY--GEOGRAPHIC NAME | |
| Geographic name | Pakistan |
| General subdivision | Politics and government. |
| 9 (RLIN) | 82528 |
| Geographic name | Pakistan |
| General subdivision | Constitutional law. |
| 9 (RLIN) | 82529 |
| Geographic name | Pakistan |
| General subdivision | Foreign relations. |
| 9 (RLIN) | 82530 |
| 942 ## - ADDED ENTRY ELEMENTS (KOHA) | |
| Source of classification or shelving scheme | Dewey Decimal Classification |
| Koha item type | Books |
| Lost status | Source of classification or shelving scheme | Damaged status | Not for loan | Collection code | Permanent Location | Current Location | Shelving location | Date acquired | Source of acquisition | Cost, normal purchase price | Total Checkouts | Full call number | Date last seen | Copy number | Koha item type |
|---|---|---|---|---|---|---|---|---|---|---|---|---|---|---|---|
| Dewey Decimal Classification | Non-fiction | Central Library, University of Rajshahi | Central Library, University of Rajshahi | 25/04/1961 | KarachiSentinel pub. | 3.20 | 954.7 KHP 1961 | 23/03/2014 | C-3 | Books |